000 00406nam a22001697a 4500
003 koha_MIRAKIL
005 20241018124432.0
008 231213b |||||||| |||| 00| 0 ||| d
040 _aTR-IsEVY
_btur
_cTR-IsEVY
082 _a577.54 GUI
100 _aGUIBERSON, BRENDA Z.
245 0 _aCACTUS HOTEL.
260 _bHenry Holt,
_c1991
300 _a[ ] p.
650 _aİngiliz Dili.
942 _2ddc
_cBK
999 _c5466
_d5466